000 00675nam a2200205Ia 4500
005 20241129110220.0
008 241129s9999||||xx |||||||||||||| ||und||
037 _aTB
040 _aARTS
_bpun
_cARTS
041 _apun
_2pun
084 _aO153,1x R2
_qARTS
100 _aਕੌਰ, ਪਾਲ, ਚ।
245 0 _aਸੁਣ ਗੁਣਵੰਤਾ ਸੁਣ ਬੁਧਿਵੰਤਾ
_cਕੌਰ, ਪਾਲ, ਚ।
260 _aਪਟਿਆਲਾ, ੈਭਾਰਤ
_bਪਟਿਆਲਾ ਅੰਟਮ ਆਰਟ
_c2020
300 _a285ਪ੍ਰ0
365 _aINR
_b345
650 _aPunjabi Poetry
_9187334
942 _cTB
_hO153,1x R2
999 _c1227750
_d1227750